000 00254nam a22000977a 4500
008 160512b xxu||||| |||| 00| 0 eng d
041 _aeng
080 _a612.39
245 _aManual i bioteknologjise ushqimore dhe higjienes:
_cKristaq Sini;
942 _2udc
_cBK
999 _c2126
_d2126